LEADER 00671nab a2200145 i 4500 001 000000311078 003 CaOOAMICUS 005 20180831173026.0 008 180831n xx uu u0 0und r 013 $a20167 040 $aSeMil$bita 100 1 $aEpiscopato Veneto,.$0(OLS)http://semarc/name/88302 245 10$aLettera a Sua Eccellenza il Signor Presidente del Senato del Regno sulla precedenza dell?atto civile al Matrimonio Religioso in Italia. 773 0 $t[Luglio-Dicembre].$g181-183$w()274041 996 $6245$aLettera a Sua Eccellenza il Signor Presidente del Senato del Regno sulla precedenza dell?atto civile al Matrimonio Religioso in Italia$9(OLS)http://semarc/title/385750 LEADER 00968nam a2200229 i 4500 001 000000206542 003 CaOOAMICUS 005 20240819092917.0 008 111006s1896 it u000 u ita u 040 $aSeMil$bita 100 1 $aFoscolo, Ugo,$d<1778-1827>.$0(OLS)http://semarc/name/1241 245 10$aOpere poetiche /$cUgo Foscolo ; edizione completa con biografia, bibliografia illustrazioni e note di Pietro Gori. 264 1$aFirenze :$bAdriano Salani,$c1896. 300 $aLXII, 590, CXXV p., [1] carta di tav. :$britr. ;$c19 cm 700 1 $aGori, Pietro,$d<1854-1930>.$0(OLS)http://semarc/name/74252 850 $aSeMil 852 $aSeMil$W1$xVenegono$y1$m1P V 20 FA$j250311$B250472$CSeMilBibl$Z2$F250472 $8I 900 0 $aDidimo : Chierico. 996 $6245$aOpere poetiche$9(OLS)http://semarc/title/212318 996 $6264$aFirenze :$bAdriano Salani$9(OLS)http://semarc/publisher/52090